Ecología y medio ambiente /
Guardado en:
| Autor Principal: | |
|---|---|
| Formato: | Libro |
| Publicado: |
Buenos Aires :
Editorial Policial,
1998
|
| Materias: | |
| Etiquetas: |
Agregar Etiqueta
Sin Etiquetas, Sea el primero en etiquetar este registro!
|
| LEADER | 00612nam a22002175a 4500 | ||
|---|---|---|---|
| 001 | CEM.cems016796 | ||
| 005 | 20121112155350.0 | ||
| 008 | 130507s1998##################000#0#####d | ||
| 003 | CEMS | ||
| 020 | |a 950971439 | ||
| 082 | 0 | 4 | |a 574.5 |
| 100 | 1 | |a Schroh, María Beatriz | |
| 245 | 1 | 0 | |a Ecología y medio ambiente / |c Maria Beatriz Schroh, |
| 260 | |a Buenos Aires : |b Editorial Policial, |c 1998 | ||
| 300 | |a 176 p. | ||
| 653 | |a Biomas | ||
| 653 | |a Contaminaicón ambiental | ||
| 653 | |a Biósfera | ||
| 653 | |a Ecología | ||
| 653 | |a Medio ambiente | ||
| 859 | |a CEMS |b BIB. CEMS - Agricultura |h 574.5 |i Sch767 |p A0406.02 |t Ej.1 | ||
